000 00497nam a2200193 a 4500
001 1758712714892
003 YourLibrary
005 20250924164949.0
008 250924s2006##################000#0#eng##
020 _a9780195148503
082 0 4 _a579.26
_bCAL
100 1 _aCalendar, Richard,
_eauthor.
245 1 0 _aThe Bacteriophages :
260 _bOxford University Press,
_c2006.
300 _a761 pages
650 0 _aScience.
942 _cENGLISH
040 _aYourLibrary
_beng
_cYourLibrary
999 _c589395
_d589395